| 000 | 01910cam a22004934i 4500 | ||
|---|---|---|---|
| 003 | PE-LiUPU | ||
| 005 | 20250731184527.0 | ||
| 008 | 150616s r 000 0 d | ||
| 035 | _a(Sirsi) a2056 | ||
| 040 |
_aPE-LiUPU _bspa _cPE-LiUPU _erda |
||
| 049 | _aPRUA | ||
| 082 | 0 | 4 |
_a985.2903 _bL82 _221 |
| 100 | 1 |
_aLombardi Loredo, Carlo Magno, _eautor. |
|
| 245 | 1 | 0 |
_aHistoria del Callao, historia 1615-1826. _n2 / _cCarlomagno Lombardi Loredo. |
| 264 | 1 |
_aLima : _bTalls. Gráfs. Bellido, _c1990. |
|
| 300 |
_a163 páginas : _bilustraciones fotos, cuadros, mapas ; _c20 cm |
||
| 336 |
_atext _2rdacontent |
||
| 337 |
_aunmediated _2rdamedia |
||
| 338 |
_avolume _2rdacarrier |
||
| 505 | 0 | _aEl presidio, 1615-1746 -- El puerto del real Felipe, 1746-1816 -- Demografía y economía del Callao colonial -- La lucha por la independencia: 1816-1826. | |
| 526 | _aP136 | ||
| 526 | _aP135 | ||
| 526 | _aP134 | ||
| 526 | _aP133 | ||
| 526 | _aP144 | ||
| 526 | _aP143 | ||
| 526 | _aP87 | ||
| 526 | _aP35 | ||
| 526 | _aP20 | ||
| 526 | _aP14 | ||
| 526 | _aP10 | ||
| 526 | _aP06 | ||
| 651 |
_aCallao (Perú : Provincia Constitucional) _xHistoria _y1615-1826 |
||
| 651 |
_aCallao (Perú : Provincia Constitucional) _xGeografía |
||
| 651 |
_aCallao (Perú : Provincia Constitucional) _xDescripciones y viajes _95153 |
||
| 651 |
_aCallao (Perú : Provincia Constitucional) _xVida y costumbres sociales. _95155 |
||
| 910 |
_ajck _bjvq _cjck |
||
| 942 |
_2ddc _cBOOK |
||
| 949 |
_a985.2903 L82 _wDEWEY _c1 _i32545 _lCCODEBUL1 _mBUL _p00.00 _r0 _sY _tBOOK _u19920923 _xEDUCACION _PP20 _0COMPRA _o.STAFF. Colección General |
||
| 994 |
_aC0 _bPEPRU |
||
| 596 | _a1 | ||
| 999 |
_a985.2903 L82 _wDEWEY _c20934 _i32545 _f2021-11-8 _g4 _lCCODEBUL1 _mBUL _r0 _sY _tBOOK _u2015-6-16 _xBIBLIOTECA _PP20 _0COMPRA _o.STAFF. Colección General _d20934 |
||
| 980 |
_81 _gALBERTO SANCHEZ Responsable de Automatización |
||